00443nam a2200181Ia 4500003000400000005001700004008004100021020001600062040000700078041000800085082002100093100002300114245004800137250000600185260005000191300000700241365001300248OSt20230323112835.0210423s2007 xx 000 0 und d a97888621304 cAL aeng a657.46223bVAIK aVAITHEESWARAN (K). aStudents hand book on indirect taxes- 2008. a7 aMumbaibSnow White Publications Pvt Ltdc2007 bPB b295cINR